000 005120000a22001930004500
003 LK-CoMWRAF
005 20230824201214.0
008 230817t1969 ||||| |||| 00| 0 eng d
040 _aLK-CoMWRAF
_dLK-CoMWRAF
_eLK-CoMWRAF
041 _aeng
082 _a297.19
_bDAW
100 _aDawud, Abdul 'L-ahad
245 _aMuhammad in the Bible
250 _aSecond Edition
260 _bPustaka Antara
_aKuala Lumpur (Malaysia)
_c1969
300 _a263 p
650 _aIslam-Relations-Christianity.
942 _cBK
999 _c2242
_d2242